| 000 | 00417nam a2200145Ia 4500 | ||
|---|---|---|---|
| 008 | 230917s9999||||xx |||||||||||||| ||und|| | ||
| 040 |
_e36896 _aMAIN |
||
| 041 | _aEnglish | ||
| 082 | _a342.54 S55C | ||
| 100 | _aSen, Sirdar D K | ||
| 245 | 0 | _aComparative study of the Indian constitution. V1- General principles of organization | |
| 260 |
_aBombay _bOrient Longmans _c1960 |
||
| 300 | _axxii, 382 p. | ||
| 942 | _cBK | ||
| 999 |
_c192276 _d192276 |
||